000 00729 a2200265 4500
020 _a158279037X
020 _a1582790493
040 _aDLC
_bDLC
082 0 0 _a823/.8
100 1 _aDickens, Charles,
245 1 4 _aThe adventures of Oliver Twist
_cby Charles Dickens.
246 3 0 _aOliver Twist
260 _a[Naples, Fla.] :
_bTrident Press International,
_c1999.
300 _axiii, 438 p. :
_bill. ;
_c24 cm.
440 0 _a[Signature classics]
500 _aSeries statement on jacket.
650 0 _aBoys
650 0 _aOrphans
650 0 _aCriminals
650 0 _aKidnapping victims
650 0 _aIdentity (Psychology)
651 0 _aLondon (England)
655 7 _aBildungsromans.
942 _cBK
_k823.8 DIC
_2ddc
999 _c5310
_d5310